000 00788nam a22002417a 4500
999 _c13095
_d13095
003 AR-CdUCM
008 190411b ||||| |||| 00| 0 spa d
020 _a978-6124525032
040 _aMUNICIPALIDAD PROVINCIAL DEL CUSCO
_cBIBLIOTECA MUNICIPAL DEL CUSCO
082 _aES / 373.398 /
_bC81
100 _aConcha Tupayachi, Salustio
_910595
245 _aDanza sagrada de los apus :
_b50 mitos, leyendas y otras narraciones /
260 _aCusco :
_bCarvayo,
_c2009.
300 _a312 paginas ;
_bIlustraciones, graficos, dibujos,
_c21 cm.
500 _aMitos y leyendas
650 _aCuentos
_9217
650 _aLeyendas
_92226
650 _aMitos
_912603
650 _aApus
_910425
700 _aYabarrena Herrera, Erwin
_931293
942 _2ddc
_cLIBROS
945 _apjha
_d2019-04-11